000 01103naa a22002897a 4500
001 BR6006948
003 BR-BrBNA
005 20240918172919.0
007 ta
008 230509b bl.||||| |||| 00| 0 por d
040 _aBR-BrBNA
_bpor
_cBiblioteca Nacional de Agricultura
041 _a(Pt)
072 _aH10
_b0230
_b4020
_bG514
090 _aH10 BR6006948
100 1 _aAlbert, C.A.
111 1 _a8. Reuniao de Fitossanitaristas do Brasil
_cRio de Janeiro, GB (Brazil)
_d30 Nov 1964
245 1 _a"Cigarrinha" da cana de acucar - Mahanarva indicata distant - em Pernambuco e seu controle atraves do polvilhamento aereo [Brasil]
260 3 _aRio de Janeiro, GB (Brasil):
_c1964.
500 _aAnais da 8. Reuniao de Fitossanitaristas Rio de Janeiro, GB (Brasil): 1964. p. 11-24 (BR6006948-AM)H10
650 _aPRAGA DE PLANTA
650 _aCIGARRINHA
650 _aCANA DE ACUCAR
650 _aPERNAMBUCO
773 0 _tAnais da 8. Reuniao de Fitossanitaristas
_wH10 BR6006948
_gRio de Janeiro, GB (Brasil), 1964. p. 11-24
909 _a202404
_bLucia
_c55
_dLucia Elande
942 _cAM
_2AGRIS
999 _c302042
_d302042